[Event "Girona-ch"]
[Site "Barcelona"]
[Date "2001.10.07"]
[Round "1"]
[White "Marti Gutierrez, JM."]
[Black "Alvarez Serra, Jordi"]
[Result "0-1"]
[WhiteElo "1950"]
[BlackElo "2060"]
[PlyCount "46"]
[EventDate "2001.10.07"]
[EventType "swiss"]
[EventRounds "9"]
[EventCountry "ESP"]
[SourceTitle "EXT 2008"]
[Source "ChessBase"]
[SourceDate "2007.11.25"]
[SourceVersion "1"]
[SourceVersionDate "2007.11.25"]
[SourceQuality "1"]

1. e4 c6 2. d4 g6 3. c4 d5 4. exd5 cxd5 5. Nc3 Nf6 6. Nf3 Bg7 7. cxd5 0-0 8. Bc4 Nbd7 9. d6 exd6 10. 0-0 Nb6 11. Bb3 d5 12. Bg5 Be6 13. Ne5 h6 14. Bh4 Nc4 15. Qe2 Rc8 16. f4 Qb6 17. Rae1 Nxb2 18. Bf2 Rxc3 19. Qxb2 Rfc8 20. Re2 Ne4 21. Rfe1 Nxf2 22. Rxf2 Qxd4 23. Qe2 Bf5 0-1